000 00700nam a2200289Ia 4500
005 20260324145114.0
008 008 260324s9999 xx 000 0 eng d
020 _a9781315760667
037 _aEBOOK
040 _aCRL
040 _beng
040 _cCRL
041 _2eng
041 _aeng
084 _qCRL
100 _aKeith Oatley
_91221771
245 0 _aSelves in Relation (RLE: Group Therapy)
245 3 _bAn Introduction to Psychotherapy and Groups
260 _bTaylor and Francis
260 _c1984
365 _a
365 _b170
856 _uhttp://www.taylorfrancis.com/books/9781315760667
942 _cEBOOK
999 _c1829231
_d1829231